00366nam a22000857a 4500008004100000082001600041245017000057260003900227300001400266230605b xxu||||| |||| 00| 0 eng d a331.87bROK aInternational Labour OrganizationbProposed action by the Republic of Kenya on certain Conventions and Recommendations adopted by the International Labour Conference aNairobibGovernment of Kenyac1989 a150 pages